000 00676nam a2200205Ia 4500
005 20241129105903.0
008 241129s9999||||xx |||||||||||||| ||und||
037 _aTB
040 _aARTS
_bpun
_cARTS
041 _apun
_2pun
084 _aU8 153Q4
_qARTS
100 _aਘੁਗਿਆਣਵੀ, ਨਿੰਦਰ, ਚ।
245 0 _aਠੰਢੀ ਧਰਤੀ ਤਪਦੇ ਲੋਕ
_cਘੁਗਿਆਣਵੀ, ਨਿੰਦਰ, ਚ।
260 _aਦਿੱਲੀ, ਭਾਰਤ
_bਦਿੱਲੀ ਨਵਯਗ
_c2022
300 _a205ਪ੍ਰ0
365 _aINR
_b350
650 _aGeographyTravel
_9726204
942 _cTB
_hU8 153Q4
999 _c1226441
_d1226441